| 000 | 00653nam a2200193Ia 4500 | ||
|---|---|---|---|
| 001 | 64920 | ||
| 008 | 211118n ii |||gr||||Z||||||465 | ||
| 020 | _a9789390658008 | ||
| 082 | _a581.634 | ||
| 100 |
_aSarma, Jatindra, _eAuthor. |
||
| 245 | 0 |
_aMedicinal plants and mushrooms of India : _bVol I-II (2 Sets) / _cJatindra Sarma . _hTextual Documents |
|
| 250 | _a2nd ed. | ||
| 260 |
_aNew Delhi: _bAne Books Pvt. Ltd., _c2021. |
||
| 300 |
_axxi,447p.: _c24cm. |
||
| 653 | _aMedicinal plants | ||
| 653 | _aMushrooms of India | ||
| 856 | _uAcc No --3992/cu/bot & 3990/cu/bot has been Transfered to the Deptt of Botany from skb Library | ||
| 942 |
_2ddc _cBK |
||
| 999 |
_c66020 _d66020 |
||